000 02505nam a22004577a 4500
001 18133421
003 OSt
005 20241031113537.0
008 140425s2016 pau b 001 0 eng
010 _a 2014016501
020 _a9781455746927 (2 volume set, hardcover : alk. paper)
020 _a9996097102 (v. 1 : alk. paper)
020 _a9996097161 (v. 2 : alk. paper)
035 _a(DNLM)101631364
040 _aDNLM/DLC
_cDLC
_erda
_dDLC
042 _apcc
050 0 0 _aRC801
_b.G384 2016
060 1 0 _aWI 140
080 _a616.3
_bS-67
082 0 0 _a616.3/3
_223
130 0 _aSleisenger and Fordtran's gastrointestinal and liver disease (Feldman)
245 1 0 _aSleisenger and Fordtran's gastrointestinal and liver disease : Volume 2
_bpathophysiology/diagnosis/management /
_cMark Feldman, Williams O. Tschumy Jr., MD, Chair of Internal Medicine, Director, Internal MEdicine Residency Program, Texas Health Presbyterian Hospital Dallas, Clinical Professor of Internal Medicine, University of Texas Southwestern Medical School, Dallas Texas, Lawrence S. Friedman, MD, Professor of Medicine, Harvard Medical School, Professor of Medicine, Tufts University School of Medicine, Boston, MAssachusetts, The Anton R. Fried, MD, Chair, Department of MEdicine, Newton-Wellesley Hospital, Assistant Chief of Medicine, Massachusetts General Hospital, Boston, MAssachusetts, Lawrence J. Brandt, MD, Professor of Medicine and Surgery, Albert Einstein College of Medicine, Emeritus Cheif, Division of Gastroenterology, Montefiore Medical Center, Bronx, New York.
246 1 _aGastrointestinal and liver disease
250 _aTenth edition.
260 _aPhiladelphia, PA :
_bSaunders/Elsevier,
_c2016.
300 _a2369 p. index 189 p.
_c29 cm
336 _atext
_2rdacontent
337 _aunmediated
_2rdamedia
338 _avolume
_2rdacarrier
504 _aIncludes bibliographical references and index.
650 1 2 _aGastrointestinal Diseases.
650 2 2 _aLiver Diseases.
653 _aგასტროენტეროლოგია
653 _aღვიძლის დაავადებები
700 1 _aFeldman, Mark,
_d1947-
_eeditor.
700 1 _aFriedman, Lawrence S.
_q(Lawrence Samuel),
_d1953-
_eeditor.
700 1 _aBrandt, Lawrence J.,
_eeditor.
906 _a7
_bcbc
_corignew
_d1
_eecip
_f20
_gy-gencatlg
942 _2udc
_cBK
_e10
999 _c251
_d251